|
|
|
|
| LEADER |
01155nam a2200301 a 4500 |
| 001 |
15570932 |
| 008 |
130220s2010 maua b 001 0 eng d |
| 010 |
|
|
|a 2008053803
|
| 020 |
|
|
|a 9780205695577 (alk. paper)
|
| 020 |
|
|
|a 0205695574 (alk. paper)
|
| 020 |
|
|
|z 9780205695574 (alk. paper)
|
| 020 |
|
|
|a 9780205503728 (alk. paper)
|
| 020 |
|
|
|a 0205503721 (alk. paper)
|
| 040 |
|
|
|a DLC
|c DLC
|d YDX
|d BTCTA
|d YDXCP
|d TSU
|d DLC
|d BD-DhAAL.
|
| 082 |
0 |
0 |
|a 302.5/42
|2 22
|
| 245 |
0 |
0 |
|a Readings in deviant behavior /
|c [edited by] Alex Thio, Thomas C. Calhoun, Addrain Conyers.
|
| 250 |
|
|
|a 6th ed.
|
| 260 |
|
|
|a Boston :
|b Allyn & Bacon,
|c c2010.
|
| 300 |
|
|
|a xii, 368 p. :
|b ill. ;
|c 24 cm.
|
| 504 |
|
|
|a Includes bibliographical references and indexes.
|
| 541 |
|
|
|e 00026681
|
| 650 |
|
0 |
|a Deviant behavior.
|
| 700 |
1 |
|
|a Thio, Alex.
|
| 700 |
1 |
|
|a Calhoun, Thomas C.
|
| 700 |
1 |
|
|a Conyers, Addrain.
|
| 852 |
1 |
|
|a Ayesha Abed Library
|j General shelf.
|
| 999 |
|
|
|c 13194
|d 13194
|
| 952 |
|
|
|0 0
|1 0
|2 ddc
|4 0
|6 302_542000000000000_REA
|7 0
|9 21968
|a BRACUL
|b BRACUL
|c GEN
|d 2013-02-20
|e TRIM EDUCATION
|g 7500.00
|l 3
|m 49
|o 302.542 REA
|p 3010026681
|r 2025-06-23
|s 2025-05-17
|t 1
|w 2013-02-20
|y BK
|